000 00597nam a22002057a 4500
999 _c6415
_d6415
003 AR-CdUCM
008 190315b ||||| |||| 00| 0 spa d
040 _aMUNICIPALIDAD PROVINCIAL DEL CUSCO
_cBIBLIOTECA MUNICIPAL DEL CUSCO
082 _a380.070 /
_bV43
100 _aVelarde Vargas, Hernán
_918232
245 _aEl reportaje /
260 _aLima :
_bEd. Arica,
300 _a179 paginas :
_c21 cm.
505 _aContenido :El reportaje /
650 _aReportajes y reporteros
_918233
650 _aPeriodismo
_91929
650 _aRedacción
_91126
942 _2ddc
_cLIBROS
945 _arjall